Implementation of the UNESCO 1970 Convention (Record no. 72487)

MARC details
000 -LEADER
fixed length control field 01408cam a2200229 4500
001 - CONTROL NUMBER
control field ABS66566
008 - FIXED-LENGTH DATA ELEMENTS--GENERAL INFORMATION
fixed length control field 030414n2003 000 0 eng u
035 ## - SYSTEM CONTROL NUMBER
System control number (Sirsi) u121964
100 ## - MAIN ENTRY--PERSONAL NAME
Personal name Woodhead, C.
245 ## - TITLE STATEMENT
Title Implementation of the UNESCO 1970 Convention
260 ## - PUBLICATION, DISTRIBUTION, ETC.
Date of publication, distribution, etc. 2003
490 ## - SERIES STATEMENT
Series statement Art Antiquity and Law
Volume/sequential designation 8(1) March 2003, 89-97(9)
520 ## - SUMMARY, ETC.
Summary, etc. Provides a brief overview of a seminar on the implementation of the Convention on the Means of Prohibiting and Preventing the Illicit Import, Export and Transfer of Ownership of Cultural Property 1970 held in London in November 2002. Outlines the terms of the Convention, discusses the reasoning behind the Ministerial Advisory Panel on Illicit Trade's recommendation that the UK government sign up to it, looks at its implementation into UK law and considers the UK's commitment to combating the illicit trade in cultural objects. Includes comments from representatives from Japan, Switzerland and United States on the practical implications of the Convention. (See also Abs66189).
590 ## - LOCAL NOTE (RLIN)
Local note ABS
650 ## - SUBJECT ADDED ENTRY--TOPICAL TERM
Topical term or geographic name entry element CONVENTION ON THE MEANS OF PROHIBITING AND PREVENTION OF THE ILLICIT IMPORT, EXPORT AND TRANSFER OF OWNERSHIP OF CULTURAL PROPERTY 1970
650 ## - SUBJECT ADDED ENTRY--TOPICAL TERM
Topical term or geographic name entry element ILLICIT TRADE
650 ## - SUBJECT ADDED ENTRY--TOPICAL TERM
Topical term or geographic name entry element STOLEN WORKS OF ART
650 ## - SUBJECT ADDED ENTRY--TOPICAL TERM
Topical term or geographic name entry element INTERNATIONAL COOPERATION
650 ## - SUBJECT ADDED ENTRY--TOPICAL TERM
Topical term or geographic name entry element CULTURAL PROPERTY
690 ## - LOCAL SUBJECT ADDED ENTRY--TOPICAL TERM (OCLC, RLIN)
Topical term or geographic name as entry element Arts and antiques
9 (RLIN) 6217
942 ## - ADDED ENTRY ELEMENTS (KOHA)
Suppress in OPAC 0
Holdings
Withdrawn status Lost status Source of classification or shelving scheme Damaged status Not for loan Home library Current library Shelving location Date acquired Total Checkouts Full call number Barcode Date last seen Copy number Price effective from Koha item type
    Dewey Decimal Classification     London London Journal article 14/04/2003   ABS66566 121964-1001 06/08/2019 1 06/08/2019 Journal article